000 01909cam a2200397 i 4500
001 GVRL50XH
003 MiFhGG
005 20250820004431.0
006 m o d
007 cr un ---uuuua
008 220504t20202020nyua o 000 0 eng d
020 _a9781438195889
_q(electronic book)
035 _a(OCoLC)1315030076
040 _aMiFhGG
_beng
_cMiFhGG
_erda
_epn
050 4 _aQA76.27
_b.K57 2020
100 1 _aKirkland, Kyle,
_eauthor.
245 1 0 _aComputer science :
_bnotable research and discoveries /
_cKyle Kirkland, Ph.D.
250 _aRevised edition.
264 1 _aNew York, New York :
_bFacts On File,
_c[2020]
264 4 _c©2020
300 _a1 online resource (202 pages) :
_bcolor illustrations.
336 _atext
_btxt
_2rdacontent
337 _acomputer
_bc
_2rdamedia
338 _aonline resource
_bcr
_2rdacarrier
490 1 _aFrontiers of science
490 0 _aGale eBooks
505 0 _aAdvanced computers -- Artificial neural networks-computing with "brainy" technology -- Computational complexity and solving problems efficiently -- Encryption and decryption : making and breaking codes and ciphers -- Computer vision-creating machines that can see -- Bioinformatics-using computers to explore biological data -- Final thoughts.
520 _aThis revised edition describes how scientists conduct research and formulate possible answers to important questions. It presents the basic concepts of computer science, and examines how the field lends itself to many scientific disciplines such as medicine and environmental science.
650 0 _aComputer science
_xResearch.
650 0 _aComputers
_xResearch.
710 2 _aGale (Firm)
830 0 _aFrontiers of science (New York, N.Y.)
856 4 0 _uhttps://link.gale.com/apps/pub/50XH/GVRL?sid=gale_marc&u=phurs
_zAvailable via Gale eBooks. Click here to access
912 _a50XH
942 _2lcc
_cE-BOOK
999 _c84221
_d84219